[Event "II Criciúma Chess Open - A1700 - 12-18"]
[Site "Criciúma SC"]
[Date "2024.01.13"]
[Round "2.1"]
[White "Quintiliano Pinto, Renato R."]
[Black "Contin, Daniel"]
[Result "1-0"]
[WhiteElo "2493"]
[BlackElo "2203"]
[PlyCount "71"]
[EventDate "2024.01.12"]
[EventRounds "9"]
[EventCountry "BRA"]

1. d4 Nf6 2. c4 e6 3. Nc3 Bb4 4. e3 O-O 5. Bd3 Re8 6. Nge2 d5 7. a3 ({RR} 7.
O-O Nbd7 8. a3 Bf8 9. b4 a5 10. b5 dxc4 11. Bxc4 c5 12. bxc6 bxc6 13. e4 c5 14.
e5 Ng4 15. Bf4 cxd4 16. Qxd4 Bc5 17. Qe4 Rb8 18. Bb5 Bb7 19. Qa4 Nb6 20. Qc2
Rf8 21. Bd3 Nd5 {Aleksandrov,A (2574)-Dubov,D (2703) Moscow RUS 2019 1/2-1/2 
(63)}) ({RR} 7. O-O b6 8. Ng3 dxc4 9. Bxc4 Bb7 10. Qe2 Nbd7 11. Rd1 Qe7 12. e4
c5 13. e5 Nd5 14. Nce4 cxd4 15. a3 Bc5 16. b4 Nxe5 17. bxc5 bxc5 18. Bxd5 exd5
19. Nf5 Qe6 20. Neg3 Ba6 21. Qc2 Bd3 {Kalogridis,A (2275)-Pliukha,M (2217)
Tornelo INT 2021 1-0 (56)}) 7... Bf8 8. cxd5 $146 ({RR} 8. Qc2 Nbd7 9. O-O dxc4
10. Bxc4 c5 11. Rd1 cxd4 12. exd4 Nb6 13. Ba2 Bd7 14. Bg5 Bc6 15. Rac1 Be7 16.
Bb1 g6 17. Ng3 Nfd5 18. Bxe7 Qxe7 19. Qd2 Nxc3 20. Rxc3 Nd5 21. Rc5 Red8 22.
Qh6 Nf6 {Machate,G-Teschner,R Essen 1948 1-0 (102)}) ({RR} 8. O-O Nc6 9. b4 g6
10. Bb2 Bg7 11. Rc1 dxc4 12. Bxc4 e5 13. Qb3 Re7 14. Nd5 Nxd5 15. Bxd5 Bg4 16.
f3 Bd7 17. dxe5 Nxe5 18. Bxe5 Bxe5 19. Bxb7 Rb8 20. Bc6 a5 21. Rfd1 Bd6 22. Nd4
Be6 {Gonzalez Zamora,J (2375)-Larduet Despaigne,C (2315) Holguin 1991 1/2-1/2})
({RR} 8. O-O c5 9. dxc5 Bxc5 10. b4 Bd6 11. Nf4 a5 12. bxa5 Be5 13. Bb2 Qxa5
14. Qc2 dxc4 15. Bxc4 Bd7 16. Rfc1 Bc6 17. Qe2 Nbd7 18. Nb5 Rad8 19. Nd4 Bxd4
20. Bxd4 Qg5 21. f3 e5 22. Nh3 Qh6 {Bolduc,S (2233)-Hebert,J (2402) Montreal
2005 0-1 (73)}) 8... exd5 9. Qc2 c6 10. Bd2 Nbd7 11. O-O c5 12. Rad1 c4 13. Bf5
g6 14. Bh3 Nb6 15. Bxc8 Nxc8 16. f3 Nd6 17. Ng3 h5 18. Rfe1 h4 19. Nf1 Nf5 20.
Bc1 Qb6 21. Qf2 Rad8 22. g4 hxg3 23. hxg3 Be7 24. g4 Ng7 25. Ng3 Ne6 26. Kg2
Bd6 27. Rh1 Kg7 28. g5 Nxg5 29. e4 Bxg3 30. Qxg3 Nfxe4 31. fxe4 Nxe4 32. Qf4 g5
33. Rh7+ Kxh7 34. Qxf7+ Kh8 35. Rh1+ Qh6 36. Rxh6# 1-0

[Event "II Criciúma Chess Open - A1700 - 12-18"]
[Site "Criciúma SC"]
[Date "2024.01.13"]
[Round "2.2"]
[White "Duarte Napoles, Fanny"]
[Black "Di Berardino, Diego Rafael"]
[Result "0-1"]
[WhiteElo "2220"]
[BlackElo "2480"]
[PlyCount "64"]
[EventDate "2024.01.12"]
[EventRounds "9"]
[EventCountry "BRA"]

1. Nf3 c5 2. c4 Nc6 3. Nc3 g6 4. e3 Nf6 5. d4 cxd4 6. exd4 d5 7. cxd5 Nxd5 8.
Qb3 Nxc3 9. Bc4 e6 10. bxc3 Bd7 11. Be2 ({RR} 11. Bd3 Na5 12. Qc2 Rc8 13. O-O
Bc6 14. Qe2 Bd6 15. Ne5 O-O 16. Bh6 Re8 17. Nxc6 Nxc6 18. g3 Bf8 19. Bxf8 Rxf8
20. Rab1 b6 21. h4 Qf6 22. Rb5 Rfd8 23. Kg2 Ne7 24. Qd2 Nd5 25. Rc1 Rc7 {
Martin Carmona,G (2362)-Di Berardino,D (2480) Roquetas de Mar ESP 2022 1/2-1/2
(63)}) 11... Qc7 ({RR} 11... Na5 12. Qb1 Rc8 13. O-O Bg7 14. Ba3 Bf8 15. Bb4
Bxb4 16. cxb4 Nc6 17. b5 Ne7 18. Ne5 O-O 19. Bf3 b6 20. Qb4 f6 21. Nd3 Be8 22.
Rac1 Rxc1 23. Rxc1 Nf5 24. d5 e5 25. Bd1 Bf7 26. Qa3 {Ding Liren (2791)-So,W 
(2778) Stavanger NOR 2018 0-1 (36)}) 12. O-O Rc8 13. Bg5 $146 ({RR} 13. Bb2 Bg7
14. Rac1 O-O 15. c4 Rfd8 16. Rfd1 Na5 17. Qa3 a6 18. Bc3 Nc6 19. d5 Bf8 20. Qb2
Na5 21. d6 Bxd6 22. Bxa5 Bxh2+ 23. Nxh2 Qxa5 24. Ng4 Ba4 25. Rxd8+ Qxd8 26.
Nf6+ Kg7 27. Ng4+ Kg8 {Kopp,P (2135)-Wallrabenstein,U (2151) Germany 2007 1-0 
(63)}) ({RR} 13. Rb1 Na5 14. Qd1 Qxc3 15. d5 Ba3 16. dxe6 fxe6 17. Bxa3 Qxa3
18. Qd4 Rg8 19. Ne5 Qe7 20. Nxd7 Qxd7 21. Qxa7 Nc6 22. Qxb7 Rc7 23. Qb2 Kf7 24.
Rbd1 Qe7 25. Rfe1 Re8 26. Bc4 Qb4 27. Bb3 Qh4 {Cafferty,B (2290)-Short,N
Brighton/ East Sussex 1977 1-0 (31)}) ({RR} 13. Bd2 Bg7 14. Rac1 O-O 15. Be3
Na5 16. Qb4 Nc4 17. Bxc4 Qxc4 18. Qxb7 Bc6 19. Qb3 Bxf3 20. Qxc4 {1/2-1/2 (20)
Wright,D (2220)-Spanton,T (2039) Guernsey 2001}) 13... Bg7 14. Qa3 h6 15. Bh4
Qa5 16. Qb3 b6 17. a4 O-O 18. Bb5 a6 19. Be2 e5 20. d5 e4 21. dxc6 exf3 22.
Bxf3 Bxc6 23. Be7 Bxf3 24. gxf3 Rfe8 25. Bb4 Qg5+ 26. Kh1 Qf4 27. Kg2 Re5 28.
Rfe1 Rg5+ 29. Kf1 Qxf3 30. Re7 Qd3+ 31. Re2 Qh3+ 32. Ke1 Rg1+ 0-1

[Event "II Criciúma Chess Open - A1700 - 12-18"]
[Site "Criciúma SC"]
[Date "2024.01.13"]
[Round "2.3"]
[White "Cubas, Jose Fernando"]
[Black "Rodi, Luis Ernesto"]
[Result "1-0"]
[WhiteElo "2427"]
[BlackElo "2196"]
[PlyCount "49"]
[EventDate "2024.01.12"]
[EventRounds "9"]
[EventCountry "BRA"]

1. e4 e5 2. Nf3 Nc6 3. Bc4 Bc5 4. c3 Nf6 5. d3 a6 6. Bb3 d6 7. h3 Ba7 8. Nbd2
h6 9. Nf1 d5 10. Qe2 O-O 11. g4 dxe4 12. dxe4 Nh7 ({RR} 12... Nd7 13. Ng3 Nc5
14. Bc2 a5 15. g5 hxg5 16. Bxg5 Qd6 17. Rg1 Qg6 18. Nf5 Qh5 19. Nxg7 Kxg7 20.
Be7+ Kh8 21. Bf6+ {1-0 (21) Salgado Lopez,I (2605)-Antipov,M (2549) Moscow RUS
2019}) 13. Ng3 Be6 14. Bc2 Re8 $146 ({RR} 14... b5 15. Bb3 Bxb3 16. axb3 Qd7
17. Nf5 Rfd8 18. g5 h5 19. h4 g6 20. Ne3 Bxe3 21. Bxe3 Qd3 22. Qxd3 Rxd3 23.
Ke2 Rdd8 24. b4 Re8 25. Ra2 Nf8 26. Rha1 Nb8 27. Ra5 c6 28. b3 Nfd7 29. c4 {
Anusca,M (2005)-Anker,C (1901) Pardubice 2009 1-0 (54)}) 15. Nf5 Nf8 16. Bd2 b5
17. O-O-O Qb8 18. Bxh6 Bxf5 19. gxf5 gxh6 20. Rhg1+ Kh7 21. Ng5+ Kg7 22. f6+
Kg6 23. Nh7+ Kxh7 24. Rg7+ Kh8 25. Qh5 1-0

[Event "II Criciúma Chess Open - A1700 - 12-18"]
[Site "Criciúma SC"]
[Date "2024.01.13"]
[Round "2.4"]
[White "Terao, Juliana Sayumi"]
[Black "Matsuura, Everaldo"]
[Result "1/2-1/2"]
[WhiteElo "2198"]
[BlackElo "2410"]
[PlyCount "20"]
[EventDate "2024.01.12"]
[EventRounds "9"]
[EventCountry "BRA"]

1. e4 e5 2. Nf3 Nc6 3. Bb5 a6 4. Ba4 Nf6 5. d3 d6 6. c3 g6 7. O-O Bg7 8. Re1
O-O 9. Nbd2 Bd7 ({RR} 9... Re8 10. h3 b5 11. Bc2 Bb7 12. d4 Nb8 13. Rb1 Nbd7
14. d5 c6 15. c4 Qc7 16. b3 Bh6 17. Nf1 Bxc1 18. Rxc1 bxc4 19. bxc4 Nc5 20.
N3h2 Bc8 21. Qf3 Qe7 22. dxc6 Be6 23. Ne3 Nh5 24. Nd5 {Morozevich,A (2765)
-Ivanchuk,V (2751) Nice 2008 1-0 (50)}) 10. Nf1 b5 $146 ({RR} 10... Qe8 11. Bc2
Nh5 12. d4 exd4 13. Nxd4 Nxd4 14. cxd4 Bc6 15. b3 Qd8 16. Be3 Nf6 17. Ng3 Re8
18. f3 b5 19. Qd2 Bb7 20. Rad1 Rc8 21. Bh6 Bh8 22. Qf4 Nd7 23. Bg5 Bf6 24. Bxf6
Nxf6 25. e5 {Zvara,P (2404)-Geske,J (2173) Olomouc 2006 1-0 (40)}) ({RR} 10...
Qe8 11. Bc2 Nh5 12. Ng3 Nxg3 13. hxg3 f5 14. exf5 gxf5 15. d4 e4 16. Bb3+ Kh8
17. Ng5 Na5 18. Bc2 d5 19. Bf4 Nc4 20. b3 Nd6 21. c4 dxc4 22. bxc4 Nxc4 23. Bb3
b5 24. Bxc7 Qg6 25. Bf4 {Romanov,E (2566)-Amin,B (2680) Abu Dhabi UAE 2021 0-1
(40)}) 1/2-1/2

[Event "II Criciúma Chess Open - A1700 - 12-18"]
[Site "Criciúma SC"]
[Date "2024.01.13"]
[Round "2.5"]
[White "Languidey, Simon Alejandro"]
[Black "Labussiere, Yago"]
[Result "1-0"]
[WhiteElo "2402"]
[BlackElo "2167"]
[PlyCount "111"]
[EventDate "2024.01.12"]
[EventRounds "9"]
[EventCountry "BRA"]

1. e4 c5 2. Nf3 Nc6 3. d4 cxd4 4. Nxd4 Nf6 5. Nc3 e5 6. Ndb5 d6 7. Bg5 a6 8.
Na3 b5 9. Nd5 Be7 10. Bxf6 Bxf6 11. c3 Bg5 12. g3 O-O 13. Bg2 Be6 14. Nc2 a5
15. O-O Ne7 16. Nce3 Bxe3 17. Nxe3 Qb6 18. Qd3 $146 ({RR} 18. Nf5 Bxf5 19. exf5
Rad8 20. Qg4 d5 21. Rfe1 f6 22. a3 Rd6 23. Rac1 Rfd8 24. Red1 Qa7 25. Qe2 Qd7
26. g4 g6 27. Bh3 Kg7 28. Rd3 g5 29. Bf1 Qc6 30. Rcd1 Qb6 31. Qe3 Qc6 32. Qh3
Qc5 {Dauer,A (2032)-Labussiere,Y (2167) Florianopolis 2024 0-1 (77)}) ({RR} 18.
Qh5 b4 19. c4 b3 20. a3 Rac8 21. Rac1 Rc5 22. Qg5 Qd8 23. Rfd1 Nc6 24. Qxd8
Rxd8 25. f4 f6 26. fxe5 fxe5 27. Rc3 Nd4 28. Nd5 Bxd5 29. exd5 Ne2+ 30. Kf2
Nxc3 31. bxc3 Rxc4) 18... b4 19. Nf5 Bxf5 20. exf5 Rac8 21. c4 Qd4 22. Qxd4
exd4 23. f6 gxf6 24. b3 Rfd8 25. Rfe1 Kf8 26. Rad1 d5 27. Bh3 f5 28. cxd5 Rxd5
29. Bg2 Rdc5 30. Rxd4 Rc1 31. Kf1 R8c2 32. Rxc1 Rxc1+ 33. Ke2 f4 34. gxf4 Kg7
35. Be4 Rc5 36. Rd7 Ng6 37. f5 Ne5 38. Rd6 Ng4 39. f3 Nf6 40. Kd2 Re5 41. Rd4
Kh6 42. Ke3 Rc5 43. Rc4 Rb5 44. Rc6 Kg7 45. Kd4 Rb8 46. Rc5 Nxe4 47. fxe4 Ra8
48. e5 a4 49. Rc7 Kg8 50. h4 axb3 51. axb3 h5 52. f6 Ra1 53. Rc4 Rh1 54. Kd5
Rd1+ 55. Rd4 Rg1 56. Rxb4 1-0

[Event "II Criciúma Chess Open - A1700 - 12-18"]
[Site "Criciúma SC"]
[Date "2024.01.13"]
[Round "2.6"]
[White "Caetano, Ryan Wesley Da Cost"]
[Black "Do Valle Cardoso, Lucas"]
[Result "0-1"]
[WhiteElo "2184"]
[BlackElo "2392"]
[PlyCount "48"]
[EventDate "2024.01.12"]
[EventRounds "9"]
[EventCountry "BRA"]

1. d4 Nf6 2. c4 e6 3. Nc3 Bb4 4. f3 d5 5. a3 Bxc3+ 6. bxc3 O-O 7. e3 c5 8. cxd5
exd5 9. Bd3 b6 10. Ne2 Ba6 11. Bb1 Nc6 12. O-O Re8 13. Re1 Rc8 14. Nf4 Na5 $146
({RR} 14... Rc7 15. Ra2 Qc8 16. g4 Bc4 17. Rg2 cxd4 18. cxd4 Ne7 19. g5 Nd7 20.
e4 Ng6 21. Nxg6 hxg6 22. Bf4 Rc6 23. Qd2 Nf8 24. Qf2 Bb3 25. Qh4 Ne6 26. Be3
Rc3 27. Qf2 Qd7 28. e5 Qa4 29. f4 {Danielian,E (2517)-Dzagnidze,N (2525)
Rogaska Slatina 2011 1/2-1/2 (96)}) 15. Ra2 Qd7 16. g4 Qd6 17. g5 Nd7 18. Rf2
cxd4 19. cxd4 Nf8 20. Bd2 Nc4 21. Bb4 Qd8 22. Qb3 Nxe3 23. h4 Qc7 24. Bxf8 Qxf4
0-1

[Event "II Criciúma Chess Open - A1700 - 12-18"]
[Site "Criciúma SC"]
[Date "2024.01.13"]
[Round "2.7"]
[White "Perdomo, Leandro"]
[Black "Silva, Kaua Marques"]
[Result "1-0"]
[WhiteElo "2382"]
[BlackElo "2142"]
[PlyCount "80"]
[EventDate "2024.01.12"]
[EventRounds "9"]
[EventCountry "BRA"]

1. d4 Nf6 2. c4 e6 3. Nc3 Bb4 4. e3 O-O 5. Bd3 d5 6. Nf3 dxc4 7. Bxc4 c5 8. O-O
Nc6 9. a3 Bxc3 10. bxc3 Qc7 11. Bb2 e5 12. h3 Bf5 13. Qe2 Rad8 14. Bb5 e4 15.
Nd2 a6 16. Bxc6 Qxc6 17. c4 Qa4 $146 ({RR} 17... Rfe8 18. a4 Nd7 19. Rfe1 a5
20. Bc3 b6 21. Qh5 Bg6 22. Qh4 cxd4 23. exd4 f5 24. Qg3 Qc8 25. Rab1 f4 26.
Qxf4 e3 27. fxe3 Bxb1 28. Rxb1 Qc6 29. Rb5 Qg6 30. e4 h6 31. Kh2 Rf8 32. Qg3 {
Lautier,J (2670)-Timoshenko,G (2539) Moscow 2003 1-0 (39)}) ({RR} 17... cxd4
18. exd4 b5 19. d5 Qd6 20. Rfd1 Rfe8 21. Nf1 bxc4 22. Ne3 Bg6 23. Qxc4 Re7 24.
Rac1 Ne8 25. Qa4 Qb6 26. Bd4 Qb5 27. Qxb5 axb5 28. Rb1 Nd6 29. Bc5 Rb7 30. a4
f6 31. Bxd6 Rxd6 32. Rxb5 {Salem,A (2493)-Ashwath,R (2259) Chennai 2011 1-0 
(36)}) ({RR} 17... cxd4 18. exd4 Rfe8 19. a4 b5 20. d5 Qd6 21. axb5 axb5 22.
Rad1 Bg6 23. Qe3 bxc4 24. Nxc4 Qa6 25. Qc3 Rc8 26. Rd4 Red8 27. Rfd1 Qb5 28.
Qa5 Qxa5 29. Nxa5 Rc2 30. Nc6 Rd7 31. R1d2 Rxd2 32. Rxd2 {Bekker Jensen,S 
(2442)-Ahlander,B (2385) Borup 2014 1-0 (52)}) 18. Rfc1 Rfe8 19. d5 Nd7 20. Nb1
Nb6 21. Bxg7 Rd6 22. Bb2 Qd7 23. Kf1 Na4 24. Nc3 Nxc3 25. Bxc3 b5 26. Rd1 Rd8
27. Be5 Rb6 28. Rdb1 f6 29. Bf4 Bg6 30. Qg4 Rb7 31. Qh4 Kf7 32. cxb5 axb5 33.
d6 Qe6 34. Kg1 c4 35. Qg4 Qxg4 36. hxg4 Ke6 37. Rd1 c3 38. Rdc1 Rc8 39. Rab1 h5
40. gxh5 Bxh5 1-0

[Event "II Criciúma Chess Open - A1700 - 12-18"]
[Site "Criciúma SC"]
[Date "2024.01.13"]
[Round "2.8"]
[White "Bueno, Alfeu Junior Varela"]
[Black "Hoffman, Alejandro"]
[Result "0-1"]
[WhiteElo "2156"]
[BlackElo "2358"]
[PlyCount "78"]
[EventDate "2024.01.12"]
[EventRounds "9"]
[EventCountry "BRA"]

1. e4 c5 2. Nc3 Nc6 3. f4 e6 4. Nf3 a6 5. g3 d5 6. d3 Nge7 7. Bg2 g6 8. O-O Bg7
9. h3 ({RR} 9. a3 b5 10. Bd2 Bb7 11. Rb1 O-O 12. b4 Qb6 13. Kh1 d4 14. Ne2 h6
15. Be1 Rfd8 16. Bf2 cxb4 17. axb4 Qc7 18. Nc1 Nc8 19. Nb3 Nxb4 20. Nbxd4 Na2
21. Qd2 Nc3 22. Rb3 Na4 23. Rc1 Nd6 {Arencibia Rodriguez,W (2555)-Van Wely,L 
(2605) Yerevan 1996 1/2-1/2 (56)}) ({RR} 9. Qe2 O-O 10. Bd2 b5 11. Kh1 Nd4 12.
Nxd4 cxd4 13. Nd1 dxe4 14. dxe4 Bb7 15. Nf2 Rc8 16. Rac1 Qb6 17. Nd3 a5 18. a3
Rfd8 19. Qe1 Nc6 20. g4 Re8 {1/2-1/2 (20) Walter,S (2277)-Kanovsky,D (2426)
Czech Republic CZE 2021}) 9... O-O 10. g4 f5 11. gxf5 exf5 $146 ({RR} 11...
gxf5 12. exd5 exd5 13. Qe2 d4 14. Na4 Nd5 15. Ng5 Ne3 16. Bxe3 dxe3 17. Nb6 Nd4
18. Qh5 h6 19. Bd5+ Kh8 20. Qg6 {1-0 (20) Laveryd,P (2425)-Hedin,G Ronneby 1998
}) 12. e5 d4 13. Na4 b6 14. c4 Rb8 15. Rb1 Qc7 16. a3 Bd7 17. b4 Na7 18. Re1
Rfd8 19. Re2 Be8 20. e6 Qc6 21. Nb2 b5 22. Bd2 bxc4 23. Ne5 Qc7 24. dxc4 Nac6
25. Nbd3 cxb4 26. Bxb4 Bxe5 27. Nxe5 d3 28. Re3 Nxe5 29. Rxe5 Qxc4 30. Kh1 Qxf4
31. Re1 Qg5 32. Rg1 Qf6 33. Qd2 Bc6 34. Rbe1 Bxg2+ 35. Rxg2 Rbc8 36. Rd1 Rc6
37. Qg5 Qxg5 38. Rxg5 Rxe6 39. Rg3 Nc6 0-1

[Event "II Criciúma Chess Open - A1700 - 12-18"]
[Site "Criciúma SC"]
[Date "2024.01.13"]
[Round "2.9"]
[White "Borges, Guilherme Deola"]
[Black "Gemy, Jose Daniel"]
[Result "1/2-1/2"]
[WhiteElo "2142"]
[BlackElo "2329"]
[PlyCount "44"]
[EventDate "2024.01.12"]
[EventRounds "9"]
[EventCountry "BRA"]

1. e4 e5 2. Nf3 Nc6 3. Nc3 Nf6 4. d4 exd4 5. Nxd4 Bb4 6. Nxc6 bxc6 7. Bd3 d5 8.
exd5 O-O 9. O-O cxd5 10. h3 c6 11. Qf3 Bd6 12. Re1 Rb8 13. b3 Nd7 14. Bf4 Qf6
15. Bxd6 Qxd6 16. Rad1 Rb4 $146 ({RR} 16... Nc5 17. Ne2 Re8 18. Nd4 Bd7 19. Bf1
Rxe1 20. Rxe1 Ne4 21. Bd3 Qb4 22. Qe3 Re8 23. Nf3 Nd6 24. Qc1 Rxe1+ 25. Nxe1 c5
26. c3 Qb6 27. Nf3 h6 28. Qf4 Be6 29. b4 cxb4 30. Qxb4 d4 {1/2-1/2 (30) Robson,
R (2656)-Nakamura,H (2798) Saint Louis 2015}) 17. Qe3 Nc5 18. Qe7 Qxe7 19. Rxe7
Rb7 20. Rxb7 Bxb7 21. b4 Nxd3 22. cxd3 Ra8 1/2-1/2

[Event "II Criciúma Chess Open - A1700 - 12-18"]
[Site "Criciúma SC"]
[Date "2024.01.13"]
[Round "2.10"]
[White "Filgueiras, Nathan Felipe"]
[Black "Burgos, Marcelo Alves"]
[Result "1-0"]
[WhiteElo "2321"]
[BlackElo "2130"]
[PlyCount "82"]
[EventDate "2024.01.12"]
[EventRounds "9"]
[EventCountry "BRA"]

1. d4 {Havasi,G} Nf6 2. c4 g6 3. Nc3 Bg7 4. e4 d6 5. h3 O-O 6. Be3 e5 7. d5 Na6
8. Nf3 Nc5 9. Nd2 a5 10. g4 c6 ({RR} 10... Nfd7 11. Rg1 Kh8 12. Qc2 Nb6 13. g5
f5 14. h4 f4 15. Bxc5 dxc5 16. Qd3) 11. Be2 Bd7 12. g5 Ne8 13. h4 ({RR} 13. Nb3
Nxb3 14. Qxb3 a4 15. Qc2 f5) 13... f6 ({RR} 13... Nc7 14. h5 Re8 15. hxg6 hxg6
16. Kf1 N7a6 17. a3 a4 18. Kg2) ({RR} 13... f5 14. h5 Rf7 15. hxg6 hxg6 16.
exf5 Bxf5) 14. Rg1 $146 ({RR} 14. Nb3 b6 ({RR} 14... Nxb3 15. Qxb3) 15. Nxc5
bxc5 16. Qd2 fxg5 ({RR} 16... f5 17. O-O-O) 17. hxg5 cxd5 ({RR} 17... Qb6 18.
O-O-O) 18. Nxd5 Rf7 19. O-O-O Rb8 20. Rh2 Be6 21. Nc3 ({RR} 21. Qd3) 21... Qb6
22. Nb5 Bf8 23. a4 Qb7 ({RR} 23... Nc7) 24. Qc2 ({RR} 24. f3) 24... Be7 25. Kb1
Qc6 26. Bd2 Bd8 27. Qd3 Rbb7 28. Rf1 Rf8 {Anand,V (2785)-Ponomariov,R (2717)
Bilbao 2014 CBM 163 [Havasi,G] 1-0 (61)}) ({RR} 14. gxf6 Nxf6 {1-0 (14)
Kardashevskiy,E (2429)-Sahin,O (2266) Novi Sad SRB 2021}) ({RR} 14. h5 fxg5 15.
hxg6 hxg6 16. Qc2 a4 17. O-O-O a3 18. b3 Na6 19. Rdg1 Nb4 20. Qb1 cxd5 21. Nxd5
Nxd5 22. cxd5 Rc8+ 23. Kd1 Nc7 24. Rxg5 Rxf2 25. Rxg6 Rf6 26. Bg5 Qe8 {1-0 (26)
Marrero,J (1838)-Campora,E (1725) Montevideo 2017}) ({RR} 14. Nb3 Nxb3 15. Qxb3
a4 16. Nxa4 Qa5+ 17. Nc3 c5 18. Bd2 Qd8 19. Rh2 Rf7 20. O-O-O fxg5 21. hxg5 Bf8
22. Kb1 Qc8 23. Rg1 Qd8 24. Nb5 Nc7 25. Bg4 Bxg4 26. Rxg4 Be7 27. Nc3 Qd7 28.
Rgh4 Rb8 {Weber,M (2160)-Riegler,D (2075) Saarbruecken 2015 1-0 (59)}) 14...
fxg5 15. hxg5 Nc7 16. Nb3 N7a6 17. Nxc5 Nxc5 18. Bg4 Bxg4 19. Rxg4 Qb6 20. Rb1
Qb4 21. Qe2 cxd5 22. cxd5 Na4 23. Bd2 Nxc3 24. Bxc3 Qb6 25. Bd2 Rac8 26. Be3
Qb4+ 27. Qd2 Qb5 28. Rc1 Rxc1+ 29. Qxc1 Qd7 30. Qd1 Qb5 31. Qb3 Qd7 32. Rg3 b5
33. Bd2 b4 34. a3 bxa3 35. Qxa3 Qa7 36. Rf3 Rxf3 37. Qxf3 Bf8 38. Qc3 a4 39.
Qb4 Be7 40. Be3 Qa6 41. Qc3 Bd8 1-0

[Event "II Criciúma Chess Open - A1700 - 12-18"]
[Site "Criciúma SC"]
[Date "2024.01.13"]
[Round "2.11"]
[White "Umetsubo, Cesar Hidemitsu"]
[Black "Medeiros, Thauane Ferreira"]
[Result "1-0"]
[WhiteElo "2349"]
[BlackElo "1842"]
[PlyCount "91"]
[EventDate "2024.01.12"]
[EventRounds "9"]
[EventCountry "BRA"]

1. e4 {Atlas,V} e5 2. Nf3 Nc6 3. Bb5 Nf6 4. Nc3 Bb4 5. O-O Bxc3 6. dxc3 d6 7.
Re1 O-O 8. Bd3 $146 ({RR} 8. h3 h6 9. Nh2 Ne7 10. Ng4 Nxg4 11. hxg4 Be6 12. Bf1
Qd7 13. f3 f6 14. c4 c6 15. Be3 Rfd8 16. Bf2 Qc7 17. c3 Kf7 18. Qa4 b6 19. Rad1
a6 20. a3 Rh8 21. Rd2 b5 22. cxb5 axb5 {Neubauer,M (2468)-Georgiev,K (2666)
Gothenburg 2005 CBM 109 [Atlas,V] 0-1 (33)}) ({RR} 8. b3 Ne7 9. Nh4 Ng6 10.
Nxg6 fxg6 11. Bc4+ Kh8 12. f3 Nh5 13. Qe2 Nf4 14. Bxf4 Rxf4 15. Rad1 Qg5 16.
Qf2 Bd7 17. Qg3 Qh5 18. Bd5 Raf8 19. Rf1 g5 20. Rd3 R8f6 21. Qf2 c6 22. Bc4
Rxe4 {Haenselmann,H (1660)-Schwegler,J (1496) Wuerzburg GER 2018 1-0 (34)}) ({
RR} 8. Bg5 Bg4 9. Qe2 Qe7 10. h3 Bh5 11. Qf1 Bxf3 12. gxf3 Nd8 13. Qg2 Ne6 14.
Kh1 Nxg5 15. Qxg5 Qe6 16. Kh2 Kh8 17. Ba4 h6 18. Qg2 Nh5 19. Bb3 Nf4 20. Bxe6
Nxg2 21. Kxg2 fxe6 22. Rad1 Rf4 {Pfeiffer,D (1644)-Gisy,R (1589) Magdeburg
2006 1/2-1/2 (34)}) ({RR} 8. Bg5 h6 9. Bh4 Bg4 10. Qe2 a6 11. Bxc6 bxc6 12. Qd3
Qe7 13. Nd2 Rfb8 14. b3 Qe6 15. f3 Bh5 16. Nc4 a5 17. a3 c5 18. Rf1 a4 19. b4
cxb4 20. cxb4 Nd7 21. Na5 c5 22. Nc6 Rb6 {Indekeu,B-Vandenberghe,J (1209)
Houffalize 2009 1/2-1/2 (33)}) 8... Ne7 9. c4 Ng6 10. h3 Qe7 11. Nh2 Be6 12.
Nf1 Nd7 13. Ng3 Qf6 14. Be3 Nf4 15. Bf1 g5 16. Be2 Rfd8 17. b3 Nf8 18. Bg4 Qg6
19. Bf5 Bxf5 20. exf5 Qh6 21. Ne4 Nd7 22. Qg4 f6 23. g3 Qxh3 24. Qxh3 Nxh3+ 25.
Kg2 g4 26. Bh6 Kf7 27. f3 Rg8 28. fxg4 Ng5 29. Bxg5 fxg5 30. Rh1 Nf6 31. Nxf6
Kxf6 32. Rxh7 Rg7 33. Rah1 Rag8 34. R7h6+ Kf7 35. Kf3 Rd8 36. Ke4 Rgg8 37. Rh7+
Rg7 38. R1h5 Rdg8 39. R7h6 Ke8 40. f6 Rf7 41. Kf5 Kd7 42. Rh7 Rgf8 43. Rxf7+
Rxf7 44. Rxg5 e4 45. Rg7 Ke8 46. Ke6 1-0

[Event "II Criciúma Chess Open - A1700 - 12-18"]
[Site "Criciúma SC"]
[Date "2024.01.13"]
[Round "2.12"]
[White "Pimenta, Elisandro Da Silva"]
[Black "Piccoli, Lucas Fonseca"]
[Result "0-1"]
[WhiteElo "1829"]
[BlackElo "2263"]
[PlyCount "56"]
[EventDate "2024.01.12"]
[EventRounds "9"]
[EventCountry "BRA"]

1. d4 Nf6 2. Nc3 d5 3. Bf4 e6 4. Nf3 Bb4 5. a3 Bxc3+ 6. bxc3 c5 ({RR} 6... O-O
7. e3 Ne4 8. Qd3 c6 ({RR} 8... Nc6 9. c4 ({RR} 9. Be2 b6 10. O-O a5 11. c4 Ba6
12. Qb3 dxc4 13. Bxc4 Bxc4 14. Qxc4 Qd7 15. Qd3 f5 16. h3 Ne7 17. Qc4 Nd5 18.
Ne5 Qe7 19. Nc6 Qf7 20. Ne5 Qe8 21. f3 Nd2 22. Qe2 Nxf1 23. Qxf1) 9... Re8 10.
Nd2 Nxd2 11. Qxd2 dxc4 12. Bxc4 e5 13. dxe5 Qxd2+ 14. Kxd2 Nxe5 15. Bxe5 Rxe5
16. Ke2 Be6 17. Bxe6 Rxe6 18. Rhd1 Re7 19. Rd3 Rae8 20. Rad1 g6 21. Rd8 Rxd8
22. Rxd8+ Kg7 23. f3) ({RR} 8... Nd7 9. Nd2 Ndf6 10. f3 Nxd2 11. Qxd2 c6 12.
Bd3 Bd7 13. h4 Nh5 14. Bd6 Re8 15. g4 Bc8 16. Qh2 Nf6 17. h5 Kh8 18. h6 g5 19.
Be5 Kg8 20. Bc7 Qe7 21. Qe5 Nh5) 9. Ne5 Qa5 10. Be2 Qxc3+ 11. Qxc3 Nxc3 12. Bd3
f6 13. Nf3 Nd7 14. a4 Nb6 15. a5 Nba4 16. e4 dxe4 17. Bxe4 Nxe4 18. Rxa4 g5 19.
Bd2 Bd7 20. Ra3 b6 21. Re3 {Wathier,N (1800)-Rigo,J (1302) Florianopolis 2024
0-1}) 7. c4 ({RR} 7. e3 c4 8. Nd2 O-O 9. h4 Nc6 10. Be2 Re8 11. g4 Qa5 12. g5
Nd7 13. Nb1 e5 14. Bg3 exd4 15. exd4 Nf8 16. Kf1 Bf5 17. Bg4 Bxg4 18. Qxg4 Re4
19. Qf3 Rae8 20. Nd2 Nxd4 21. cxd4) 7... Nc6 8. e3 $146 ({RR} 8. Bg5 dxc4 9. e4
cxd4 10. Bxc4 Qa5+ 11. Bd2 Qc5 12. Bd3 e5 13. O-O O-O 14. h3 Nh5 15. Nxe5 Qxe5
16. f4 Qc5 17. Bb4 Nxb4 18. axb4 Qxb4 19. Qxh5 g6 20. Qg5 Kg7 21. f5 f6 22. Qg3
Qd2 {Fegan,C (2055)-Mason,D (2212) Ascot 2014 1-0 (62)}) 8... O-O 9. Bd3 dxc4
10. Bxc4 b5 11. Be2 Nd5 12. O-O Nc3 13. Qd3 cxd4 14. exd4 Nxe2+ 15. Qxe2 Nxd4
16. Nxd4 Qxd4 17. Be5 Qb6 18. Rab1 Qc6 19. Rb3 f6 20. Rc3 Qd5 21. Bf4 e5 22.
Be3 Bb7 23. f3 e4 24. fxe4 Qxe4 25. Rf4 Qe5 26. Rc5 Qe7 27. Rg4 Rae8 28. Rc3 f5
0-1

[Event "II Criciúma Chess Open - A1700 - 12-18"]
[Site "Criciúma SC"]
[Date "2024.01.13"]
[Round "2.13"]
[White "Bitencourt, Evandro Jose Dos S"]
[Black "Federzoni, Enzo"]
[Result "0-1"]
[WhiteElo "1863"]
[BlackElo "2170"]
[PlyCount "74"]
[EventDate "2024.01.12"]
[EventRounds "9"]
[EventCountry "BRA"]

1. d4 Nf6 2. c4 g6 3. f3 c5 4. d5 d6 5. Nc3 Bg7 6. e4 O-O 7. Be3 e6 8. Qd2 exd5
9. exd5 a6 ({RR} 9... Re8 10. O-O-O Qa5 11. Kb1 a6 12. Bd3 b5 13. cxb5 axb5 14.
Bxb5 Bf5+ 15. Kc1 Nxd5 16. Qxd5 Bxc3 17. Bxe8 Bxb2+ 18. Kxb2 Qa3+ {0-1 (18)
Czechowski,J (2016)-Chojnacki,K (2378) Trzcianka POL 2021}) 10. a4 Re8 11. Bd3
$146 ({RR} 11. Be2 Qa5 12. Ra3 Nbd7 13. f4 Nb6 14. Nd1 Qxd2+ 15. Kxd2 Ng4 16.
a5 Nxe3 17. Rxe3 Rxe3 18. Nxe3 Na4 19. b3 Nc3 20. Bd3 Bd7 21. Ne2 Nxe2 22. Bxe2
Re8 23. Rc1 Bh6 24. Rf1 g5 25. fxg5 Bxg5 {Laco,G (2265)-Yermolinsky,A (2480)
Forli 1989 0-1 (40)}) 11... Nbd7 12. Nge2 Ne5 13. O-O Bd7 14. a5 b5 15. axb6
Qxb6 16. b4 Nxd3 17. Qxd3 Bb5 18. cxb5 axb5 19. bxc5 dxc5 20. Rab1 b4 21. Qc4
Nd7 22. Nc1 Rec8 23. Nd3 Qa5 24. Rfc1 Bxc3 25. Nf2 Nb6 26. Qd3 Na4 27. Nd1 c4
28. Qe2 b3 29. Qf2 Bg7 30. h3 Rab8 31. Bd4 Bxd4 32. Qxd4 c3 33. Ne3 Rb4 34. Qf6
Qc5 35. Re1 Rb6 36. Qf4 c2 37. Rbc1 Nb2 0-1